| 000 | 00745nam a2200181Ia 4500 | ||
|---|---|---|---|
| 008 | 090630s9999 xx 000 0 und d | ||
| 082 | _b14612 | ||
| 100 | _aमॅसन पेरी अनु. गुजर अनिल. | ||
| 245 |
_aअजब गुंतागुंत. _cमॅसन पेरी अनु. गुजर अनिल. |
||
| 260 |
_bनिशिगंधा - पुणे. _c1995 |
||
| 300 | _a211 | ||
| 600 | _aमॅसन पेरी अनु. गुजर अनिल. | ||
| 630 | _aअजब गुंतागुंत. | ||
| 655 | _aकादंबरी. | ||
| 700 | _aमॅसन पेरी अनु. गुजर अनिल. | ||
| 730 | _aअजब गुंतागुंत. | ||
| 942 | _cBOOK | ||
| 999 |
_c266468 _d266468 |
||